Vista normal Vista MARC

Entrada Materia (personas)

Número de registros utilizados en: 2

001 - CONTROL NUMBER

  • control field: 63288

003 - CONTROL NUMBER IDENTIFIER

  • control field: Co-BoUCM

005 - DATE AND TIME OF LATEST TRANSACTION

  • control field: 20140723103247.0

008 - FIXED-LENGTH DATA ELEMENTS

  • fixed length control field: 140723|| aca||aabn | a|a d

040 ## - CATALOGING SOURCE

  • Original cataloging agency: Co-BoUCM
  • Transcribing agency: Co-BoUCM

100 ## - HEADING--PERSONAL NAME

  • Personal name: Sáenz Castro, Jorge Enrique

670 ## - SOURCE DATA FOUND

  • Source citation: Work cat.: (Co-BoUCM)273968: Sáenz Castro, Jorge Enrique, Medicion de la concentracion de la industria manufacturera en Colombia, 2014